00780cam a22002171 4500001001300000003000400013005001700017008004100034010001700075035002000092040002300112042001200135050001600147100004400163245009400207260012500301300001800426500004900444700005200493999001700545ca 24000021 DLC20260227111111.0890825s1923 pau 000 0 eng  aca 24000021  a(OCoLC)20256561 aDLCcRPBdRPBdDLC apremarc00aBV2086b.C61 aCopenhaver, Laura Scherer,d1868?-1940.14aThe way;ba pageant of Japan,cby Laura Scherer Copenhaver [and] Katharine Scherer Cronk. aPhiladelphia, Pa.,bLiterature Headquarters, Women's Missionary Society of the United Lutheran Church in Americac[1923] a12 p.c23 cm. a"Japanese national anthem" with music: p. 6.1 aCronk, Katharine Scherer,d1877-ejoint author. c15712d15712